000 00863nas a2200289 4500
001 BR2011000216
003 BR-BrBNA
005 20231205114836.0
007 ta
008 230509b bl.|||p| |||| 00| 00por d
040 _aBR-BrBNA
_bpor
_cBiblioteca Nacional de Agricultura
041 _a(Pt)
072 _aH50
100 1 _aSilva, E. de B.
100 1 _aTanure, L.P.P.
100 1 _aSantos, S.R.
100 1 _aResende Júnior, P.S. de
245 1 _aSintomas visuais de deficiências nutricionais em pinhão-manso
650 _aPINHÃO
650 _aJATROPHA CURCAS
650 _aDEFICIÊNCIA NUTRICIONAL
650 _aÓLEO
650 _aMINAS GERAIS
773 0 _tPesquisa Agropecuária Brasileira (Brazil)
_xISSN 0100-204X
_g(Apr 2009), v. 44(4) p. 392-397
_wBR2011000216
909 _a202311
_bLúcia
_c55
_dLúcia Elande
942 _2AGRIS
_n0
_cANA
999 _c210775
_d210775